[Event "Top Loire 2012-2013"]
[Site "Loire"]
[Date "2013.03.23"]
[Round "7.7"]
[White "Carteron, Olivier"]
[Black "Walter, Alain"]
[Result "0-1"]
[WhiteElo "1740"]
[BlackElo "1780"]
[PlyCount "60"]
[EventDate "2013.??.??"]
[EventCountry "FRA"]
[SourceDate "2005.09.12"]

1. d4 d5 2. Nf3 Nf6 3. c4 e6 4. Nc3 Be7 5. Bg5 O-O 6. e3 h6 7. Bh4 c5 8. Bd3
cxd4 9. Nxd4 e5 10. Nf5 e4 11. Nxe7+ Qxe7 12. Be2 g5 13. Bg3 dxc4 14. Bxc4 Bg4
15. Qb3 Nc6 16. Nd5 Nxd5 17. Bxd5 Qb4+ 18. Qxb4 Nxb4 19. Bb3 Nd3+ 20. Kf1 Nxb2
21. Rb1 Nd3 22. Bd5 Nc5 23. h4 Kg7 24. hxg5 hxg5 25. f3 Rad8 26. fxe4 f5 27.
Kg1 Nxe4 28. Rxb7+ Kg6 29. Be5 Nf6 30. Rbh7 Nxh7 0-1

[Event "Top Loire 2012-2013"]
[Site "Loire"]
[Date "2013.03.30"]
[Round "7.8"]
[White "Libiszewski, Christian"]
[Black "Doran, Niall"]
[Result "0-1"]
[WhiteElo "1680"]
[BlackElo "1703"]
[PlyCount "64"]
[EventDate "2013.??.??"]
[EventCountry "FRA"]
[SourceDate "2005.09.12"]

1. e4 c5 2. Nf3 Nc6 3. Bb5 g6 4. d3 Bg7 5. Bxc6 dxc6 6. Nc3 Nf6 7. h3 O-O 8.
Be3 b6 9. Qd2 Nd7 10. Bh6 Qc7 11. Bxg7 Kxg7 12. h4 h5 13. O-O-O Ne5 14. Nxe5
Qxe5 15. f4 Qc7 16. Rdg1 Bg4 17. Rf1 b5 18. Ne2 a5 19. Ng3 b4 20. Qe3 Qd6 21.
f5 a4 22. e5 Qd5 23. Kb1 Rad8 24. Ne4 Qxe5 25. fxg6 fxg6 26. Qxc5 Rd5 27. Qxc6
a3 28. c3 Rc8 29. Qa6 bxc3 30. Nxc3 Rxc3 31. bxc3 Rb5+ 32. Kc1 Qe3+ 0-1

[Event "Top Loire 2012-2013"]
[Site "Loire"]
[Date "2013.03.30"]
[Round "7.9"]
[White "Vier, Serge"]
[Black "Pareux, Marc"]
[Result "1-0"]
[WhiteElo "1690"]
[BlackElo "1600"]
[PlyCount "55"]
[EventDate "2013.??.??"]
[EventCountry "FRA"]
[SourceDate "2005.09.12"]

1. d4 Nf6 2. Nf3 c5 3. d5 b5 4. c4 Bb7 5. Qc2 d6 6. e4 b4 7. b3 Nbd7 8. Bb2 g6
9. Nbd2 Bg7 10. Bd3 O-O 11. O-O Qc7 12. Rfe1 Bc8 13. e5 dxe5 14. Nxe5 Nxe5 15.
Bxe5 Qb6 16. Rad1 Re8 17. Nf3 Bg4 18. Be2 Bf5 19. Qb2 Bh6 20. h3 a5 21. g4 Nd7
22. gxf5 gxf5 23. Kh2 Nxe5 24. Qxe5 Bg7 25. Rg1 f6 26. Qxf5 Qc7+ 27. Kh1 Kh8
28. Bd3 1-0

[Event "Top Loire 2012-2013"]
[Site "Loire"]
[Date "2013.04.13"]
[Round "8.1"]
[White "Licata, Luc"]
[Black "Garon, Pierre"]
[Result "1-0"]
[WhiteElo "2060"]
[BlackElo "1899"]
[PlyCount "77"]
[EventDate "2013.??.??"]
[EventCountry "FRA"]
[SourceDate "2005.09.12"]

1. Nf3 d5 2. d4 Nf6 3. c4 e6 4. g3 c6 5. Bg2 Be7 6. O-O O-O 7. Qc2 Nbd7 8. Nbd2
b6 9. e4 Bb7 10. e5 Ne8 11. b3 Rc8 12. Re1 c5 13. Ba3 a6 14. Rab1 b5 15. dxc5
Qa5 16. c6 Qxa3 17. cxd7 Rc7 18. dxe8=Q Rxe8 19. h4 h6 20. Nh2 Bc5 21. Kf1 Rec8
22. Ng4 bxc4 23. bxc4 Bc6 24. Qb3 Qa5 25. Re2 Rb7 26. Qc2 Ba4 27. Nb3 Qb4 28.
Qc1 Rbb8 29. Nd2 Qa5 30. Rxb8 Rxb8 31. Bf3 d4 32. Ne4 d3 33. Rb2 Rd8 34. Nxh6+
Kf8 35. Qf4 gxh6 36. Rb7 Be7 37. Qxh6+ Ke8 38. Qh8+ Bf8 39. Nf6# 1-0

[Event "Top Loire 2012-2013"]
[Site "Loire"]
[Date "2013.04.13"]
[Round "8.2"]
[White "Deville, Olivier"]
[Black "Tchalimian, Pascal"]
[Result "1-0"]
[WhiteElo "1971"]
[BlackElo "1953"]
[PlyCount "55"]
[EventDate "2013.??.??"]
[EventCountry "FRA"]
[SourceDate "2005.09.12"]

1. Nf3 d5 2. c4 e6 3. g3 Nf6 4. Bg2 Nc6 5. O-O Be7 6. b3 Ne4 7. d3 Bf6 8. d4
O-O 9. Bb2 Re8 10. e3 b6 11. Nfd2 Nxd2 12. Qxd2 Bb7 13. cxd5 exd5 14. Nc3 Na5
15. Rac1 Qd7 16. Qe2 Bxd4 17. Rfd1 Bxc3 18. Bxc3 c6 19. Qh5 Qe6 20. Rd4 Bc8 21.
Rh4 h6 22. g4 Nb7 23. g5 Qg6 24. Qxg6 fxg6 25. gxh6 g5 26. Rh5 g6 27. h7+ Kf7
28. h8=Q 1-0

[Event "Top Loire 2012-2013"]
[Site "Loire"]
[Date "2013.04.13"]
[Round "8.3"]
[White "Andre, Gregory"]
[Black "Moleins, Adrien"]
[Result "1/2-1/2"]
[WhiteElo "1840"]
[BlackElo "1755"]
[PlyCount "70"]
[EventDate "2013.??.??"]
[EventCountry "FRA"]
[SourceDate "2005.09.12"]

1. Nf3 f5 2. c4 d6 3. d4 Nf6 4. g3 e6 5. Bg2 Be7 6. O-O O-O 7. Nc3 c6 8. Bd2
Qc7 9. Rc1 e5 10. c5 e4 11. Qb3+ d5 12. Ne5 Nbd7 13. Bf4 Qd8 14. f3 Nxe5 15.
Bxe5 Kh8 16. fxe4 fxe4 17. Nd1 Qe8 18. Ne3 Qh5 19. Rf2 Re8 20. Rcf1 Nd7 21. Bc7
Nf8 22. Qd1 Bf6 23. Nf5 Be6 24. e3 Qg5 25. Qb3 Nd7 26. Nd6 b6 27. Nxe8 Rxe8 28.
Bf4 Qg6 29. cxb6 axb6 30. Rc1 c5 31. dxc5 bxc5 32. Bd6 d4 33. Qa3 dxe3 34. Rxf6
Qxf6 35. Qxe3 Bxa2 1/2-1/2

[Event "Top Loire 2012-2013"]
[Site "Loire"]
[Date "2013.04.13"]
[Round "8.4"]
[White "Buisine, Roman"]
[Black "Aumont-Mathieu, Georges"]
[Result "1-0"]
[WhiteElo "1640"]
[BlackElo "1800"]
[PlyCount "83"]
[EventDate "2013.??.??"]
[EventCountry "FRA"]
[SourceDate "2005.09.12"]

1. e4 e5 2. Nf3 Nc6 3. Bb5 Nf6 4. d4 exd4 5. e5 Ne4 6. O-O Be7 7. Nxd4 a6 8.
Nxc6 dxc6 9. Bd3 Ng5 10. Be2 Bf5 11. Be3 Qxd1 12. Bxd1 O-O-O 13. Nd2 h5 14. Nf3
Rd7 15. Nd4 Bg6 16. f4 Ne6 17. Nxe6 fxe6 18. Rc1 Bf5 19. Be2 g6 20. h3 h4 21.
c3 Rhd8 22. Rfd1 Rxd1+ 23. Rxd1 Rxd1+ 24. Bxd1 Kd7 25. Bg4 Bb1 26. a3 Ba2 27.
Kf2 Bb3 28. Ke2 b5 29. Bf3 Bc2 30. b4 Bf5 31. Bd4 Bf8 32. Ke3 Be7 33. Be4 Bf8
34. Kd3 Be7 35. Bf2 Bd8 36. Kd4 Be7 37. Bf3 Bc2 38. Be4 Bxe4 39. Kxe4 Ke8 40.
Kf3 g5 41. Kg4 gxf4 42. Bxh4 1-0

[Event "Top Loire 2012-2013"]
[Site "Loire"]
[Date "2013.04.13"]
[Round "8.6"]
[White "Bruel, Bruno"]
[Black "Libiszewski, Christian"]
[Result "0-1"]
[WhiteElo "1790"]
[BlackElo "1680"]
[PlyCount "58"]
[EventDate "2013.??.??"]
[EventCountry "FRA"]
[SourceDate "2005.09.12"]

1. d4 d5 2. c4 c6 3. Nf3 Nf6 4. Nc3 dxc4 5. a4 Bf5 6. e3 e6 7. Bxc4 Bb4 8. O-O
O-O 9. Qe2 Nbd7 10. Rd1 Ne4 11. Nxe4 Bxe4 12. Nd2 Bd5 13. Bd3 e5 14. dxe5 Nxe5
15. Bxh7+ Kxh7 16. Qh5+ Kg8 17. Qxe5 Bd6 18. Qh5 Re8 19. Qe2 Re6 20. b3 Bxh2+
21. Kf1 Rh6 22. Ke1 Qf6 23. Rb1 Bxg2 24. Bb2 Be5 25. Nf1 Rh1 26. Bxe5 Qxe5 27.
Kd2 Rd8+ 28. Kc2 Be4+ 29. Kc1 Qc3+ 0-1

[Event "Top Loire 2012-2013"]
[Site "Loire"]
[Date "2013.04.13"]
[Round "8.7"]
[White "Longueville, Thomas"]
[Black "Doran, Niall"]
[Result "1/2-1/2"]
[WhiteElo "1779"]
[BlackElo "1703"]
[PlyCount "61"]
[EventDate "2013.??.??"]
[EventCountry "FRA"]
[SourceDate "2005.09.12"]

1. Nf3 Nf6 2. d4 g6 3. Nc3 Bg7 4. Bf4 O-O 5. e3 d6 6. Qd2 b6 7. h4 c5 8. Ng5
Nh5 9. Bh2 cxd4 10. exd4 Nc6 11. d5 Ne5 12. Be2 Nf6 13. h5 h6 14. Nge4 Nxe4 15.
Nxe4 Bf5 16. Nc3 Rc8 17. Bxe5 Bxe5 18. g4 Bd7 19. hxg6 Bg7 20. Rxh6 Rxc3 21.
bxc3 Qc8 22. gxf7+ Rxf7 23. Rg6 Kf8 24. O-O-O Bxc3 25. Qh6+ Bg7 26. Rxg7 Rxg7
27. Rh1 Qc3 28. Qh8+ Kf7 29. Qh5+ Kf8 30. Qh8+ Kf7 31. Qh5+ 1/2-1/2

[Event "Top Loire 2012-2013"]
[Site "Loire"]
[Date "2013.04.13"]
[Round "8.8"]
[White "Pareux, Marc"]
[Black "Furnon, Yannick"]
[Result "0-1"]
[WhiteElo "1600"]
[BlackElo "1830"]
[PlyCount "57"]
[EventDate "2013.??.??"]
[EventCountry "FRA"]
[SourceDate "2005.09.12"]

1. Nf3 Nf6 2. c4 c6 3. d4 d5 4. Nc3 dxc4 5. e4 b5 6. Qc2 g6 7. h3 Bb7 8. Bf4
Bg7 9. Rd1 a6 10. Be2 O-O 11. O-O Nbd7 12. Rfe1 Qa5 13. b3 cxb3 14. axb3 Rac8
15. Ra1 Qb6 16. b4 Ra8 17. Be3 Qc7 18. e5 Ne8 19. Ra5 c5 20. dxc5 Nxe5 21. Nd4
Nc4 22. Bxc4 bxc4 23. Qa2 e5 24. Ndb5 Qc6 25. f3 axb5 26. Rxa8 Bxa8 27. Ne4 f5
28. Nd2 Nc7 29. Ra1 0-1

[Event "Top Loire 2012-2013"]
[Site "Loire"]
[Date "2013.04.13"]
[Round "8.9"]
[White "Vier, Serge"]
[Black "Carteron, Olivier"]
[Result "0-1"]
[WhiteElo "1690"]
[BlackElo "1740"]
[PlyCount "54"]
[EventDate "2013.??.??"]
[EventCountry "FRA"]
[SourceDate "2005.09.12"]

1. d4 d5 2. c4 c6 3. Nf3 Nf6 4. Nc3 dxc4 5. a4 Bf5 6. e3 e6 7. Bxc4 Bb4 8. O-O
O-O 9. Qe2 Nbd7 10. Rd1 Qa5 11. Bd2 e5 12. dxe5 Nxe5 13. Nxe5 Qxe5 14. f3 Rad8
15. Be1 Be6 16. Bg3 Bxc4 17. Bxe5 Bxe2 18. Nxe2 Nd5 19. e4 Ne3 20. Rxd8 Rxd8
21. Bf4 Nc4 22. Kf1 Nxb2 23. Nc1 Rd1+ 24. Ke2 Re1+ 25. Kf2 Nd3+ 26. Kg3 Nxf4
27. Kxf4 Bd2+ 0-1

[Event "Masters 2013"]
[Site "Rennes"]
[Date "2013.03.30"]
[Round "1.1"]
[White "Stephan, Victor"]
[Black "Geffroy, Leo"]
[Result "1-0"]
[WhiteElo "2313"]
[BlackElo "1970"]
[PlyCount "109"]
[EventDate "2013.03.31"]
[EventType "tourn"]
[EventRounds "7"]
[EventCountry "FRA"]
[SourceDate "2005.09.12"]

1. d4 Nf6 2. c4 g6 3. Nc3 Bg7 4. e4 d6 5. Nf3 O-O 6. Be2 e5 7. dxe5 dxe5 8.
Qxd8 Rxd8 9. Nd5 Nxd5 10. cxd5 c6 11. Bc4 b5 12. Bb3 Bb7 13. Bg5 Rd7 14. Rc1 a5
15. Ke2 a4 16. dxc6 Nxc6 17. Bd5 Nd4+ 18. Nxd4 Bxd5 19. exd5 exd4 20. Rc5 h6
21. Bd2 Rad8 22. Rxb5 Rxd5 23. Rxd5 Rxd5 24. Kd3 Rb5 25. Rb1 Kf8 26. b4 axb3
27. Rxb3 Rxb3+ 28. axb3 Ke7 29. Kc4 Kd6 30. Bb4+ Kc6 31. Bc5 d3 32. Be3 h5 33.
Kxd3 Kb5 34. Bd4 Bf8 35. Bc3 f5 36. Bd2 Bg7 37. Ke3 Bh6+ 38. Ke2 Bf8 39. Kf3
Bg7 40. h3 Bf8 41. Bc3 Bh6 {(=)} 42. Ke2 Bf8 43. Kd3 Bh6 44. f3 Bf8 45. g4 fxg4
46. fxg4 hxg4 47. hxg4 Bh6 48. Ke4 Bc1 49. Ke5 g5 50. Ke4 Bf4 51. Kd3 Bd6 52.
Bd2 Be7 53. Ke4 Bd8 54. Kf5 Bb6 55. Kxg5 1-0

[Event "Masters 2013"]
[Site "Rennes"]
[Date "2013.03.30"]
[Round "1.2"]
[White "Busnel, Laurent"]
[Black "Le Goff, Damien"]
[Result "1-0"]
[WhiteElo "1909"]
[BlackElo "2264"]
[PlyCount "83"]
[EventDate "2013.03.31"]
[EventType "tourn"]
[EventRounds "7"]
[EventCountry "FRA"]
[SourceDate "2005.09.12"]

1. e4 e6 2. d4 d5 3. Nc3 Bb4 4. a3 Bxc3+ 5. bxc3 Ne7 6. Bd3 c5 7. e5 Qa5 8. Bd2
Qa4 9. Nf3 c4 10. Be2 Nbc6 11. O-O Bd7 12. Nh4 O-O-O 13. f4 Kb8 14. Qb1 Ka8 15.
Qb2 f6 16. Rf2 h6 17. Rb1 b6 18. Bh5 Rdf8 19. Rbf1 Qa6 20. Bg6 Qc8 21. a4 h5
22. Qa3 f5 23. Rf3 Rh6 24. Rg3 Qd8 25. Rg5 Nxg6 26. Nxg6 Rg8 27. Nh4 Qe7 28.
Qa2 a5 29. Bc1 Nd8 30. Ba3 Qf7 {(=)} 31. Rb1 Bc6 32. Rxb6 Bb7 33. Bd6 Qd7 34.
Qa3 Nc6 35. Qc5 Rc8 36. Qb5 Rhh8 37. Rg3 Rhd8 38. Ng6 Na7 39. Qxa5 Rc6 40. Rxc6
Bxc6 41. Ne7 Bb7 42. Bc5 1-0

[Event "Masters 2013"]
[Site "Rennes"]
[Date "2013.03.30"]
[Round "1.3"]
[White "Alanic, Mickael"]
[Black "Ruhlmann, Helene"]
[Result "1-0"]
[WhiteElo "2247"]
[BlackElo "1794"]
[PlyCount "89"]
[EventDate "2013.03.31"]
[EventType "tourn"]
[EventRounds "7"]
[EventCountry "FRA"]
[SourceDate "2005.09.12"]

1. e4 g6 2. d4 c6 3. Bd3 d5 4. exd5 cxd5 5. Nd2 Bg7 6. c3 Nf6 7. Ne2 e5 8. dxe5
Ng4 9. Nf3 Nxe5 10. Nxe5 Bxe5 11. O-O O-O 12. h3 Nc6 13. Bh6 Re8 14. f4 Qb6+
15. Kh1 Bh8 16. Qd2 Ne7 17. Ng3 Bd7 18. f5 Bb5 19. f6 Bxd3 20. Qxd3 Nc6 21.
Qxd5 Rad8 22. Qb3 Qxb3 23. axb3 Re6 24. Bg5 h6 25. Bxh6 Bxf6 26. Rxf6 Rxf6 27.
Bg5 Rd3 28. Bxf6 Rxg3 29. Rd1 Re3 30. Rd7 Re6 31. Bh4 Re4 32. Bg3 Re7 33. Rxe7
Nxe7 34. Kg1 Nf5 35. Kf2 Kf8 36. Bb8 a6 37. Be5 Ke8 38. g4 Ne7 39. Ke3 Kd7 40.
c4 Nc6 41. Bc3 Nd8 42. h4 Ne6 43. Ke4 Nc5+ 44. Kd5 Nxb3 45. h5 1-0

[Event "Masters 2013"]
[Site "Rennes"]
[Date "2013.03.30"]
[Round "1.4"]
[White "Ferret-Leger, Gaspard"]
[Black "Alanic, Xavier"]
[Result "0-1"]
[WhiteElo "1785"]
[BlackElo "2245"]
[PlyCount "76"]
[EventDate "2013.03.31"]
[EventType "tourn"]
[EventRounds "7"]
[EventCountry "FRA"]
[SourceDate "2005.09.12"]

1. c4 e5 2. Nc3 Nf6 3. Nf3 d6 4. g3 g6 5. Bg2 Bg7 6. O-O O-O 7. d3 c6 8. Rb1
Re8 9. b4 a6 10. a4 Nfd7 11. Nd2 Qe7 12. b5 axb5 13. axb5 Nc5 14. Bb2 Bf5 15.
Ra1 Qd7 16. Qc2 Bh3 17. Ba3 Bxg2 18. Kxg2 Ne6 19. Nde4 d5 20. Nd6 Rd8 21. Na4
Ng5 22. f3 Qh3+ 23. Kg1 e4 24. dxe4 dxe4 25. Bc5 Nd7 26. Nxb7 Nxc5 27. Nxd8
Bd4+ 28. Kh1 exf3 29. exf3 Bxa1 30. Rxa1 Rxa4 31. Re1 Qd7 32. Nxc6 Ra8 33. Qc3
Re8 34. Rxe8+ Qxe8 35. Ne5 f6 36. Ng4 Qe2 37. Qa1 Qxf3+ 38. Kg1 Nh3# 0-1

[Event "Masters 2013"]
[Site "Rennes"]
[Date "2013.03.30"]
[Round "1.5"]
[White "Entem, Alan"]
[Black "Deniau, Pascal"]
[Result "1-0"]
[WhiteElo "2177"]
[BlackElo "1776"]
[PlyCount "71"]
[EventDate "2013.03.31"]
[EventType "tourn"]
[EventRounds "7"]
[EventCountry "FRA"]
[SourceDate "2005.09.12"]

1. e4 e6 2. d4 d5 3. Nc3 Nf6 4. Bg5 dxe4 5. Nxe4 Be7 6. Bxf6 Bxf6 7. Nf3 O-O 8.
c3 Nd7 9. Bd3 e5 10. Qc2 g6 11. O-O exd4 12. cxd4 Be7 13. Rac1 c6 14. Rfd1 Nb6
15. Nc5 Nd5 16. a3 Qc7 17. h3 Be6 18. Nxe6 fxe6 19. Bxg6 Bd6 20. Be4 Bf4 21.
Rb1 Rf7 22. Re1 Kh8 23. Ne5 Rg7 24. Bxd5 exd5 25. Qf5 Bg5 26. Re2 Rag8 27. f4
Bh4 28. g4 Qb6 29. Rd1 Qb3 30. Rd3 Qa2 31. Rde3 Qa1+ 32. Kg2 Qd1 33. Nf7+ Rxf7
34. Qxf7 Qxd4 35. Re8 Qg7 36. Rxg8+ 1-0

[Event "Masters 2013"]
[Site "Rennes"]
[Date "2013.03.30"]
[Round "1.6"]
[White "Durand Le Ludec, Brendan Bubok"]
[Black "Guezennec, Franck"]
[Result "0-1"]
[WhiteElo "1769"]
[BlackElo "2174"]
[PlyCount "86"]
[EventDate "2013.03.31"]
[EventType "tourn"]
[EventRounds "7"]
[EventCountry "FRA"]
[SourceDate "2005.09.12"]

1. e4 c5 2. Nf3 e6 3. d4 cxd4 4. Nxd4 a6 5. c4 Nf6 6. Nc3 Bb4 7. Bd3 Bxc3+ 8.
bxc3 Qa5 9. Qb3 O-O 10. O-O Nc6 11. Be3 Ng4 12. Nxc6 dxc6 13. Bb6 Qh5 14. h3
Ne5 15. Rfd1 f5 16. exf5 exf5 17. Bd4 f4 18. Bf1 f3 19. Bxe5 Qxe5 20. g3 a5 21.
c5+ Kh8 22. Qc4 a4 23. Rd4 Ra5 24. Rad1 Be6 25. Qb4 Qxc5 26. Qxb7 Bxa2 27. Rd7
Qxc3 28. R1d3 Qf6 29. R3d6 Qa1 30. Rd1 Qe5 31. Qxc6 Bg8 32. R7d2 a3 33. Qc1 a2
34. Qa1 Qxa1 35. Rxa1 Rb8 36. Rdd1 h6 37. Bd3 Rd8 38. Bc2 Rxd1+ 39. Bxd1 Rb5
40. Bc2 Rb2 41. Be4 Bh7 42. Bxh7 Kxh7 43. Kh2 Rxf2+ 0-1

[Event "Masters 2013"]
[Site "Rennes"]
[Date "2013.03.30"]
[Round "1.7"]
[White "Le Marec, Simon"]
[Black "Colleter, Christian"]
[Result "1-0"]
[WhiteElo "2136"]
[BlackElo "1761"]
[PlyCount "124"]
[EventDate "2013.03.31"]
[EventType "tourn"]
[EventRounds "7"]
[EventCountry "FRA"]
[SourceDate "2005.09.12"]

1. d4 d5 2. e4 e6 3. Nc3 Nf6 4. e5 Nfd7 5. f4 c5 6. Nf3 Nc6 7. Be3 a6 8. Qd2 b5
9. dxc5 Qa5 10. Bd3 Nxc5 11. O-O Be7 12. Qf2 b4 13. Ne2 O-O 14. Kh1 f5 15. exf6
Nxd3 16. cxd3 Bxf6 17. Ned4 Nxd4 18. Bxd4 Bd7 19. Rfc1 Rac8 20. Ne5 Qb5 21.
Nxd7 Qxd7 22. Bxf6 gxf6 23. Re1 Rc6 24. h3 Rfc8 25. Re2 Qg7 26. Rae1 Kf7 27.
Kh2 R8c7 28. Qd4 Qg6 29. Rf1 f5 30. Qxb4 Qf6 31. Rfe1 h5 32. Re3 h4 33. R1e2
Qg7 34. Qe1 Qf6 35. Qf2 Ke7 36. Re5 Kf7 37. Qe3 Qg6 38. Qf3 Rc8 39. Qf2 Qf6 40.
Qd4 R8c7 41. Qf2 Rc8 42. b4 Qd8 43. Qf3 Qf6 44. Qf2 R8c7 45. a3 Rb7 46. Rc2
Rbc7 47. Rxc6 Rxc6 48. a4 Qe7 49. b5 axb5 50. axb5 Rc5 51. b6 Rb5 52. Re2 Qf6
53. Rc2 Qd8 54. Rb2 Qd7 55. Rxb5 Qxb5 56. Qd4 Qb3 57. Qc5 Qxd3 58. Qb4 Qg3+ 59.
Kh1 d4 60. b7 Qxf4 61. b8=Q Qf1+ 62. Kh2 d3 1-0

[Event "Masters 2013"]
[Site "Rennes"]
[Date "2013.03.30"]
[Round "1.8"]
[White "Le Marec, Laura"]
[Black "Theon, Pierre"]
[Result "0-1"]
[WhiteElo "1677"]
[BlackElo "2131"]
[PlyCount "39"]
[EventDate "2013.03.31"]
[EventType "tourn"]
[EventRounds "7"]
[EventCountry "FRA"]
[SourceDate "2005.09.12"]

1. d4 g6 2. Nf3 Bg7 3. g3 d6 4. Bg2 f5 5. c4 Nf6 6. Nc3 O-O 7. O-O Nc6 8. Ng5
h6 9. Nf3 g5 10. d5 Ne5 11. Nd4 Nxc4 12. f4 gxf4 13. Rxf4 Ng4 14. Ne6 Bxe6 15.
Rxc4 Bd7 16. Qd3 Ne5 17. Qc2 Nxc4 18. e4 c6 19. Bf4 Qb6+ 20. Kh1 0-1

[Event "Masters 2013"]
[Site "Rennes"]
[Date "2013.03.30"]
[Round "1.9"]
[White "Otmani, Kamel"]
[Black "Henry, Solenne"]
[Result "1-0"]
[WhiteElo "2104"]
[BlackElo "1672"]
[PlyCount "55"]
[EventDate "2013.03.31"]
[EventType "tourn"]
[EventRounds "7"]
[EventCountry "FRA"]
[SourceDate "2005.09.12"]

1. d4 Nf6 2. c4 e5 3. dxe5 Ng4 4. Nf3 Bc5 5. e3 Nc6 6. a3 Ngxe5 7. Nc3 O-O 8.
b4 Bd6 9. Bb2 Nxf3+ 10. gxf3 Re8 11. Be2 Qg5 12. f4 Bxf4 13. exf4 Qxf4 14. Qd2
Qxd2+ 15. Kxd2 Nd4 16. Bd1 c6 17. Re1 Rxe1 18. Kxe1 d6 19. Ne4 Nf5 20. Bg4 d5
21. cxd5 cxd5 22. Bxf5 Bxf5 23. Nd6 Bg4 24. Kd2 b6 25. Rg1 Bh5 26. Rxg7+ Kf8
27. Rxh7 Ke7 28. Nf5+ 1-0

[Event "Masters 2013"]
[Site "Rennes"]
[Date "2013.03.30"]
[Round "1.10"]
[White "Lechartre, Victorien"]
[Black "Lavanant, Alexandre"]
[Result "1-0"]
[WhiteElo "1655"]
[BlackElo "2031"]
[PlyCount "65"]
[EventDate "2013.03.31"]
[EventType "tourn"]
[EventRounds "7"]
[EventCountry "FRA"]
[SourceDate "2005.09.12"]

1. d4 Nf6 2. c4 e5 3. dxe5 Ng4 4. Nf3 Nc6 5. Bf4 Bb4+ 6. Nc3 Bxc3+ 7. bxc3 Qe7
8. Qd5 f6 9. exf6 Nxf6 10. Qd3 d6 11. g3 O-O 12. Bg2 Ne4 13. Nd4 Nc5 14. Qd2
Ne5 15. O-O Nxc4 16. Bd5+ Be6 17. Bxe6+ Nxe6 18. Qd3 Nxf4 19. Qxc4+ d5 20. Qb3
Qg5 21. Kh1 Nh3 22. Ne6 Qh5 23. Nxf8 Rxf8 24. f4 c6 25. Rae1 g5 26. f5 Qg4 27.
e4 Re8 28. e5 h5 29. Qxb7 Rf8 30. Qxc6 h4 31. Qg6+ Kh8 32. f6 Qd7 33. f7 1-0

[Event "Masters 2013"]
[Site "Rennes"]
[Date "2013.03.30"]
[Round "1.11"]
[White "Louis, Corentin"]
[Black "Radovanovic, Vanja"]
[Result "1-0"]
[WhiteElo "1985"]
[BlackElo "1499"]
[PlyCount "45"]
[EventDate "2013.03.31"]
[EventType "tourn"]
[EventRounds "7"]
[EventCountry "FRA"]
[SourceDate "2005.09.12"]

1. e4 c5 2. Ne2 Nc6 3. Nbc3 Nf6 4. g3 g6 5. Bg2 Bg7 6. O-O e5 7. d3 O-O 8. Bg5
Ne7 9. Qd2 d6 10. f4 Nh5 11. Bxe7 Qxe7 12. Nd5 Qd8 13. Bf3 Bh3 14. Rf2 Nf6 15.
Ne3 Qd7 16. Bg2 Bg4 17. Re1 exf4 18. gxf4 Nh5 19. c3 Rab8 20. f5 Bxe2 21. Qxe2
Be5 22. Ng4 g5 23. Nxe5 1-0

[Event "Masters 2013"]
[Site "Rennes"]
[Date "2013.03.30"]
[Round "2.1"]
[White "Le Marec, Simon"]
[Black "Stephan, Victor"]
[Result "0-1"]
[WhiteElo "2136"]
[BlackElo "2313"]
[PlyCount "74"]
[EventDate "2013.03.31"]
[EventType "tourn"]
[EventRounds "7"]
[EventCountry "FRA"]
[SourceDate "2005.09.12"]

1. d4 Nf6 2. Nf3 e6 3. e3 d5 4. Bd3 c5 5. b3 Nc6 6. O-O Bd6 7. Bb2 Qc7 8. c4 b6
9. Nc3 a6 10. Rc1 cxd4 11. exd4 Bf4 12. Ra1 O-O 13. Qe2 Bb7 14. Ba3 dxc4 15.
bxc4 Rfd8 16. Rad1 Na5 17. Bb2 Rac8 18. Rfe1 Nxc4 19. Ba1 b5 20. Ne5 Bxe5 21.
dxe5 Nd5 22. Nxd5 Bxd5 23. Qc2 g6 24. h4 Qe7 25. h5 Qg5 26. Be4 Ne3 27. Qxc8
Rxc8 28. Rxe3 Bxe4 29. Rxe4 Rc1 30. Red4 Rxd1+ 31. Rxd1 Qxh5 32. Rd6 Qe2 33.
Bd4 Kg7 34. a3 g5 35. Be3 h6 36. Rxa6 b4 37. Ra8 b3 0-1

[Event "Masters 2013"]
[Site "Rennes"]
[Date "2013.03.30"]
[Round "2.2"]
[White "Theon, Pierre"]
[Black "Alanic, Mickael"]
[Result "0-1"]
[WhiteElo "2131"]
[BlackElo "2247"]
[PlyCount "160"]
[EventDate "2013.03.31"]
[EventType "tourn"]
[EventRounds "7"]
[EventCountry "FRA"]
[SourceDate "2005.09.12"]

1. c4 g6 2. Nc3 Bg7 3. g3 d6 4. Bg2 Nf6 5. e4 O-O 6. Nge2 c5 7. d3 Nc6 8. O-O
Ne8 9. Be3 Nd4 10. Rb1 Nc7 11. b4 Rb8 12. f4 Bg4 13. h3 Bxe2 14. Nxe2 Nxe2+ 15.
Qxe2 Ne6 16. bxc5 dxc5 17. f5 Nd4 18. Qd2 Qd6 19. Bf4 Be5 20. Kh2 b6 21. h4
Bxf4 22. Rxf4 Nc6 23. Bf1 Ne5 24. Qe3 Rfd8 25. Rb3 Rb7 26. Kg2 Rbd7 27. Be2 Qd4
28. Qc1 Nc6 29. Rg4 Qg7 30. h5 Ne5 31. Rh4 Nxd3 32. Bxd3 Rxd3 33. Rxd3 Rxd3 34.
hxg6 hxg6 35. Qf4 Rd6 36. fxg6 fxg6 37. e5 g5 38. Rg4 Rg6 39. Qf5 Qf7 40. Rxg5
Qxf5 41. Rxf5 Rg4 42. Rf4 Rg5 43. Re4 Kf7 44. Kf3 Ke6 45. a4 Rxe5 46. Kf4 Rxe4+
47. Kxe4 Kf6 48. Kd5 Kf5 49. a5 Kg4 50. a6 Kxg3 51. Ke6 Kf4 52. Kxe7 Ke5 53.
Kd7 Kd4 54. Kc7 Kxc4 55. Kb7 b5 56. Kxa7 b4 57. Kb6 b3 58. a7 b2 59. a8=Q b1=Q+
60. Kc7 Qh7+ 61. Kb6 Qh6+ 62. Ka5 Qd2+ 63. Kb6 Qb4+ 64. Kc7 Kb3 65. Qd5+ c4 66.
Qd1+ Kb2 67. Qe2+ Ka3 68. Qd1 c3 69. Qa1+ Kb3 70. Qb1+ Ka4 71. Qa2+ Kb5 72. Kb7
Qe4+ 73. Kb8 c2 74. Qb3+ Kc5 75. Qc3+ Qc4 76. Qe5+ Kb6 77. Qd6+ Qc6 78. Qd4+
Qc5 79. Qb2+ Qb5 80. Qxc2 Qe8+ (80... Qe8+ 81. Qc8 Qe7 $22) 0-1

[Event "Masters 2013"]
[Site "Rennes"]
[Date "2013.03.30"]
[Round "2.3"]
[White "Alanic, Xavier"]
[Black "Otmani, Kamel"]
[Result "1/2-1/2"]
[WhiteElo "2245"]
[BlackElo "2104"]
[PlyCount "72"]
[EventDate "2013.03.31"]
[EventType "tourn"]
[EventRounds "7"]
[EventCountry "FRA"]
[SourceDate "2005.09.12"]

1. c4 Nf6 2. Nf3 g6 3. g3 Bg7 4. Bg2 O-O 5. O-O c5 6. Nc3 Nc6 7. e4 d6 8. d3
Bd7 9. Rb1 Rb8 10. a3 a6 11. b4 cxb4 12. axb4 b5 13. cxb5 axb5 14. d4 e5 15.
dxe5 dxe5 16. Be3 Bg4 17. Bc5 Re8 18. h3 Bxf3 19. Qxf3 Nd4 20. Qd3 Nd7 21. Nd5
Re6 22. Rfc1 Nxc5 23. Rxc5 Bf8 24. Rc3 Rc8 25. Bf1 Rec6 26. Rbc1 Rxc3 27. Rxc3
Rxc3 28. Qxc3 h5 29. h4 Bd6 30. Kg2 Kg7 31. Bd3 f6 32. Qa3 Qd7 33. Qa6 g5 34.
hxg5 fxg5 35. f3 h4 36. Qa1 Qf7 {(=)} 1/2-1/2

[Event "Masters 2013"]
[Site "Rennes"]
[Date "2013.03.30"]
[Round "2.4"]
[White "Louis, Corentin"]
[Black "Entem, Alan"]
[Result "1/2-1/2"]
[WhiteElo "1985"]
[BlackElo "2177"]
[PlyCount "112"]
[EventDate "2013.03.31"]
[EventType "tourn"]
[EventRounds "7"]
[EventCountry "FRA"]
[SourceDate "2005.09.12"]

1. e4 g6 2. d4 Bg7 3. Nc3 c5 4. dxc5 Qa5 5. Nge2 Qxc5 6. g3 Nf6 7. Bg2 Nc6 8.
O-O O-O 9. Be3 Qc4 10. h3 a5 11. a4 d6 12. Nf4 Nb4 13. Qd2 Bd7 14. Rfc1 Rac8
15. f3 Qc7 16. Nb5 Qd8 17. c3 Nc6 18. Qf2 Ne5 19. Bb6 Qe8 20. Nc7 Rxc7 21. Bxc7
g5 22. Nd5 Nxd5 23. exd5 Nd3 24. Qd2 Nxc1 25. Rxc1 Qc8 26. Bb6 h6 27. Re1 Re8
28. Kh2 Bxa4 29. Bxa5 Qc5 30. Bb4 Qb5 31. f4 gxf4 32. Qxf4 Bc2 33. Be4 Bxe4 34.
Qxe4 Be5 35. Qg4+ Kh8 36. Qf3 Ra8 37. Rf1 Qe8 38. Qh5 Bg7 39. Ba3 Ra4 40. Qf5
Kg8 41. Rf3 Ra5 42. c4 Ra4 {(=)} 43. Rf4 b5 44. c5 Rxf4 45. Qxf4 dxc5 46. Bxc5
Qd7 47. Qe4 f5 48. Qg2 Kf7 49. Qd2 Qc7 50. b4 Qe5 51. Qa2 {(=)} Qb2+ 52. Qxb2
Bxb2 53. Kg2 e6 54. dxe6+ Kxe6 55. Kf3 Be5 56. g4 Bc3 1/2-1/2